000 01233nam a22003134a 4500
001 ebr10151212
003 CaPaEBR
006 m u
007 cr cn|||||||||
008 000614s2001 mnua sb s001 0 eng
020 _z0816637563 (HC)
020 _z0816637571 (PB)
040 _aCaPaEBR
_cCaPaEBR
035 _a(OCoLC)560185988
050 1 4 _aGF41
_b.T48 2001eb
082 0 4 _a304.2
_221
245 0 0 _aTextures of place
_h[electronic resource] :
_bexploring humanist geographies /
_cPaul C. Adams, Steven Hoelscher, and Karen E. Till, editors.
260 _aMinneapolis :
_bUniversity of Minnesota Press,
_cc2001.
300 _axxxiii, 461 p. :
_bill.
504 _aIncludes bibliographical references and index.
533 _aElectronic reproduction.
_bPalo Alto, Calif. :
_cebrary,
_d2013.
_nAvailable via World Wide Web.
_nAccess may be limited to ebrary affiliated libraries.
650 0 _aHuman geography.
655 7 _aElectronic books.
_2local
700 1 _aAdams, Paul C.
700 1 _aHoelscher, Steven D.
700 1 _aTill, Karen E.
710 2 _aebrary, Inc.
856 4 0 _uhttp://site.ebrary.com/lib/rucke/Doc?id=10151212
_zAn electronic book accessible through the World Wide Web; click to view
999 _c192025
_d192025